000 00627nam a22001937a 4500
999 _c6429
_d6429
003 AR-CdUCM
008 190315b ||||| |||| 00| 0 spa d
040 _aMUNICIPALIDAD PROVINCIAL DEL CUSCO
_cBIBLIOTECA MUNICIPAL DEL CUSCO
082 _a985 /
_bD48
100 _aDelgado, Jaime
_918258
245 _aGaceta del Gobierno de Lima /
260 _aEspaña :
_bEdiciones Ariel ;
_c1971.
300 _a834 páginas ;
_c22cm
505 _aContenido: t.1: 1816 -- t.2: 1817 -- t.3: 1818
650 _aHistoria del Perú
_9259
710 _aMinisterio de Asuntos Exteriores - Madrid
_918259
942 _2ddc
_cLIBROS
945 _anom